Who said the popular quote? - Statistics

General Stats
  • This quiz has been taken 31 times
  • The average score is 11 of 19
Answer Stats
Hint Answer % Correct
"I have a dream." Martin Luther King Jr.
92%
"That's one small step for man, one giant leap for mankind." Neil Armstrong
92%
"To be, or not to be: that is the question." William Shakespeare
92%
"Ask not what your country can do for you—ask what you can do for your country." John F. Kennedy
88%
"I am your father." Darth Vader
83%
"Float like a butterfly, sting like a bee." Muhammad Ali
75%
"To infinity and beyond!" Buzz Lightyear
63%
"There's no place like home." Dorothy
63%
"The only thing we have to fear is fear itself." Franklin Roosevelt
63%
"Why so serious?" Joker
63%
"You must be the change you wish to see in the world." Mahatma Gandhi
63%
"Speak softly and carry a big stick: you will go far." Theodore Roosevelt
63%
“Insanity is doing the same thing over and over and expecting different results.” Albert Einstein
58%
“I have not failed. I've just found 10,000 ways that won't work.” Thomas Edison
46%
"Give me liberty, or give me death!" Patrick Henry
42%
"With great power comes great responsibility." Uncle Ben
42%
"You miss 100% of the shots you don’t take." Wayne Gretzky
21%
"The journey of a thousand miles begins with one step." Lao Tzu
13%
"In the midst of chaos, there is also opportunity." Sun Tzu
8%
No matching quizzes found
Score Distribution
Percent of People with Each Score
Percentile by Number Answered
Your Score History
You have not taken this quiz